Index Islamicus: A bibliography of books, articles and reviews on Islam and the Muslim World which were published in the year 1999 (Record no. 20974)
[ view plain ]
| 000 -LEADER | |
|---|---|
| fixed length control field | 00450nam a22001457a 4500 |
| 022 ## - | |
| -- | 03087395 |
| 082 ## - DEWEY DECIMAL CLASSIFICATION NUMBER | |
| Classification number | 016.297 ROP |
| 100 ## - MAIN ENTRY--AUTHOR NAME | |
| Author name | Roper, G.J. and Bleaney, C.H. (ed) |
| 245 ## - TITLE STATEMENT | |
| Title | Index Islamicus: A bibliography of books, articles and reviews on Islam and the Muslim World which were published in the year 1999 |
| 260 ## - PUBLICATION, DISTRIBUTION, ETC. (IMPRINT) | |
| Place of publication | United Kingdom |
| Name of publisher | Bowker |
| Year of publication | 2001 |
| 300 ## - PHYSICAL DESCRIPTION | |
| Number of Pages | 863 |
| 650 ## - SUBJECT ADDED ENTRY--TOPICAL TERM | |
| Topical Term | Bibliography-Islam |
| 942 ## - ADDED ENTRY ELEMENTS (KOHA) | |
| Koha item type | Books |
| Collection code | Home library | Current library | Shelving location | Date acquired | Source of acquisition | Cost, normal purchase price | Full call number | Accession Number | Koha item type |
|---|---|---|---|---|---|---|---|---|---|
| Reference | Henry Martyn Institute Library | Henry Martyn Institute Library | Reference | 05/04/2018 | Director | 300.00 | 016.297 ROP | 11-3629 | Books |
